| 000 | nam a22 7a 4500 | ||
|---|---|---|---|
| 999 |
_c3207 _d3207 |
||
| 005 | 20170519164351.0 | ||
| 008 | 170519b1983 mau||||| |||| 00| 0 eng d | ||
| 020 |
_a0534013996 (pbk.) : _c$11.95 |
||
| 040 | _aAKMAL | ||
| 082 | _a658.32 WAL | ||
| 090 |
_a658.32 _bWAL |
||
| 100 | 1 |
_aWallace, Marc J., _d1944- _96599 |
|
| 245 | 1 | 0 |
_aCompensation theory and practice / _cMarc J. Wallace, Jr., Charles H. Fay. |
| 260 |
_aBoston, Mass. : _bKent Pub. Co., _c c1983 |
||
| 300 |
_axii, 282 p. : _bill. ; _c22 cm |
||
| 504 | _aIncludes bibliographical references and indexes. | ||
| 650 | 0 |
_aCompensation management. _96581 |
|
| 700 | 1 |
_aFay, Charles H. _96600 |
|
| 942 |
_2ddc _cBOOK |
||